Literatura y tecnología Selección de Textos /
Tallennettuna:
| Päätekijät: | , |
|---|---|
| Aineistotyyppi: | Tuntematon |
| Kieli: | Spanish |
| Julkaistu: |
San José, Costa Rica :
Editorial Nueva Década,
1989.
|
| Aiheet: | |
| Tagit: |
Lisää tagi
Ei tageja, Lisää ensimmäinen tagi!
|
MARC
| LEADER | 000000000a22000000004500 | ||
|---|---|---|---|
| 001 | 003459 | ||
| 020 | |a 9977942374 | ||
| 041 | 0 | |a spa | |
| 082 | 0 | 4 | |a 308 |b L776l |
| 100 | 1 | |a Chaverri, Amalia | |
| 100 | 1 | |a Quirós, Sergio | |
| 245 | 1 | 0 | |a Literatura y tecnología Selección de Textos / |c Amalia Chaverri, Sergio Quirós. |
| 260 | 1 | |a San José, Costa Rica : |b Editorial Nueva Década, |c 1989. | |
| 300 | |a 94 páginas | ||
| 505 | |a 2 ejemplares | ||
| 650 | 4 | |a LITERATURA Y CIENCIA | |
| 650 | 4 | |a CIENCIA | |
| 999 | |c 9681 |d 9681 | ||
| 942 | |c BK |h 308 L776l |2 z | ||



